| 000 | 00684nam a2200181 i 4500 | ||
|---|---|---|---|
| 001 | 73777 | ||
| 003 | ES-MaACL | ||
| 005 | 20230906171924.0 | ||
| 007 | t| | ||
| 008 | 040910s1965 sp ||||1| spa d | ||
| 100 | 0 |
_aGómez-Tabanera, José Manuel, _d1926-2011 _958165 |
|
| 245 | 1 | 0 |
_aSobre la significación mística de las placas grabadas de esquisto (ardosita) de la Península Ibérica y sus relaciones a la luz del método etnológico / _cJosé Manuel Gómez-Tabanera. |
| 260 |
_a[S.l. : _bs.n., _c1965] |
||
| 300 |
_a9 h. : _bil. ; _c24 cm. |
||
| 500 | _aComunicación al VIII Congreso Arqueológico Nacional. | ||
| 852 |
_aES-MaACL _j2043-F-5 _bR.55934 |
||
| 999 |
_c73777 _d73777 |
||